| 000 | 01029cam a2200313 i 4500 | ||
|---|---|---|---|
| 999 |
_c63483 _d63483 |
||
| 001 | 19135598 | ||
| 003 | OSt | ||
| 005 | 20240530110643.0 | ||
| 008 | 160614s2016 ua b 001 0 eng | ||
| 020 | _a9789774167485 | ||
| 040 |
_aDLC _beng _erda _cDLC _dDLC |
||
| 042 | _apcc | ||
| 050 | 0 | 0 |
_aBL2450.G6 _bA75 2016 |
| 082 | 0 | 4 |
_221 _a299.31 _bCC\A G |
| 100 | 1 |
_aArmour, Robert A., _eauthor. |
|
| 245 | 1 | 0 |
_aGods and myths of Ancient Egypt / _cRobert A. Armour. |
| 250 | _aPaperback edition. | ||
| 264 | 1 |
_aCairo ; _aNew York : _bAmerican University in Cairo Press, _c[2016] |
|
| 300 |
_aix, 207 pages : illustrations, map ; _c21 cm |
||
| 336 |
_atext _btxt _2rdacontent |
||
| 337 |
_aunmediated _bn _2rdamedia |
||
| 338 |
_avolume _bnc _2rdacarrier |
||
| 504 | _aIncludes bibliographical references (pages 191-201) and index. | ||
| 650 | 0 | _aGods, Egyptian. | |
| 650 | 0 | _aMythology, Egyptian. | |
| 906 |
_a7 _bcbc _corignew _d2 _encip _f20 _gy-gencatlg |
||
| 942 |
_2ddc _cBK |
||